| 000 | 00610nam a22002057a 4500 | ||
|---|---|---|---|
| 003 | OSt | ||
| 005 | 20140310182203.0 | ||
| 008 | 130903t xxu||||| |||| 00| 0 eng d | ||
| 020 | _a9710849964 | ||
| 050 |
_aGV 885.35 _b.F69 1988 |
||
| 082 |
_aHS 796.32 _bF69 1987 |
||
| 100 |
_aFox, Robert A. _916318 |
||
| 245 |
_aBasketball : _bthe complete handbook of individual skills / _cRobert A. Fox. |
||
| 260 |
_aNew Jersey : _bPrentice Hall, _cc1988. |
||
| 300 |
_a208 p. : _bill. ; _c24 cm. |
||
| 500 | _aIncludes index. | ||
| 650 |
_aBasketball _xtraining _916319 |
||
| 942 |
_2lcc _cHS |
||
| 999 |
_c10261 _d10261 |
||